000 00313nam a2200133Ia 4500
008 240624s9999 xx 000 0 und d
041 _aeng
082 _a320.512 PAL
100 _aPALMER TOM G
245 _aREALIZING FREEDOM
260 _c2014
_aWashington
_bCATO
300 _a682 : p. : cm. ; 22
365 _cRS
999 _c22904
_d22904